| 000 | 00593nam a2200217Ia 4500 | ||
|---|---|---|---|
| 008 | 180523s9999 xx 000 0 und d | ||
| 020 | _a007-287-543-7 | ||
| 050 | _aMAIN HF 5549.5 | ||
| 050 | _b.C67M55 2005 | ||
| 100 | _aMilkovich, George T. | ||
| 245 | 0 | _aCompensation / | |
| 245 | 0 | _cGeorge T. Milkovich, Jerry M. Newman ; with the assistnce of Carolyn Milkovich. | |
| 250 | _a8th Edition | ||
| 260 | _aNew York : | ||
| 260 | _bMcGraw-Hill, | ||
| 260 | _c2005 | ||
| 300 | _a634 pages : | ||
| 300 | _c23 cm. | ||
| 500 | _aIncludes index. | ||
| 650 | _aCompensation management. | ||
| 999 |
_c357162 _d357162 |
||